Statistiques concernant Les raines carrés

Cliquez ici pour prendre le quiz!

Statistiques générales

  • Ce quiz a été pris 73 fois
  • Le résultat moyen est 13 sur 15

Statistiques - réponses

HintRéponse% Correct
√11
100%
√255
98%
√164
95%
√42
93%
√93
93%
√648
93%
√366
90%
√14412
88%
√12111
86%
√16913
83%
√497
76%
√819
74%
√10010
72%
√22515
72%
√19614
67%

Distribution des résultats

Percentile par nombre de réponses

% des personnes avec chaque résultat

Votre développement - résultats

Vous n’avez pas pris ce quiz